00322nam a22000977a 4500020001600000100001900016245008500035260003600120650004900156700001900205 qHard Cover. aRahat, Farhana aDevelopment of Polymer/nano Hydroxyapatite Composite Membranes /cFarhana Rahat. aIslamabad:bSCME - NUST,c2016. aMaterials and Surface Engineering MS-Thesis. aFarhana Rahat.